000 00742nam a2200229 a 4500
001 BRCA_8123
005 20190320210137.0
008 100414s1965----u--ab##f##---#001-0#eng-#
041 _aeng
044 _au
050 4 _aNA5253
_b.M47
_c1965
100 1 _aMcAndrew, John
_920221
245 1 0 _aThe open-air churches of sixteenth-century Mexico
_batrios, posas, open chapels, and other studies
_cJohn McAndrew.
260 _aEstados Unidos
_bHarvard University Press
_c1965
300 _a755 p.
_bil., mapas
_c25 cm.
500 _aY193
650 1 4 _aIglesias
_ySiglo XVI
_zMéxico
_920222
650 1 4 _aIglesias
_vAtrios, posas y capillas
_zMéxico
_920223
650 1 4 _aIglesias
_vArquitectura
_zMéxico
_920224
902 _aGFM
942 _2lcc
_cB
999 _c7791
_d7791